[Event "Sachsen-Anhalt Landesliga-A 1920"]
[Site "Sachsen Anhalt"]
[Date "2020.09.20"]
[Round "8.3"]
[White "Lemke, Andreas"]
[Black "Seibicke, Ralf"]
[Result "0-1"]
[WhiteElo "1565"]
[BlackElo "2078"]
[PlyCount "60"]
[EventDate "2019.09.29"]
[EventType "team-tourn"]
[EventRounds "9"]
[EventCountry "GER"]
[SourceTitle "EXT 2023"]
[Source "ChessBase"]
[SourceDate "2022.10.05"]
[SourceVersion "1"]
[SourceVersionDate "2022.10.05"]
[SourceQuality "1"]
[WhiteTeam "Dahlenwarsleben"]
[BlackTeam "Magdeburg Rochade II"]
[WhiteTeamCountry "GER"]
[BlackTeamCountry "GER"]

1. Nf3 Nf6 2. d4 g6 3. c4 Bg7 4. Nc3 0-0 5. e4 d6 6. h3 c5 7. d5 Na6 8. Rb1 e6 9. Bd3 Nb4 10. 0-0 exd5 11. cxd5 Nxd3 12. Qxd3 a6 13. a4 b5 14. b3 b4 15. Ne2 Nxe4 16. g4 Re8 17. Ng3 Nc3 18. Nd2 Nxb1 19. Qxb1 Bb7 20. Nc4 Bxd5 21. Qd3 Bxc4 22. Qxc4 Bd4 23. Be3 d5 24. Qd3 Bxe3 25. fxe3 Qg5 26. Rf4 Re6 27. Qf1 Rxe3 28. Rxf7 Rxg3+ 29. Kh2 Qe5 30. Rf4 Re3 0-1